Sports Quiz

Random Sports or NFL Quiz
Score 0/12 Timer 03:00
17 Plays Today
Athlete % Correct
Philip Rivers
90.9%
Jeremy Lin
89.5%
Kris Bryant
73.4%
Chris Mullin
71%
Todd Helton
56.8%
Shohei Ohtani
55.4%
Lance Berkman
48.9%
John Havlicek
47.1%
Wayne Simmonds
32.9%
Harold Carmichael
24.4%
Jari Kurri
20.6%
Ilya Kovalchuk
18.5%

You're not logged in!

Compare scores with friends on all Sporcle quizzes.
OR
Log In

Sporcle TV

Today on Sporcle TV


Watch our educational content, quiz creation guides, and fun videos on Sporcle TV.

Show Comments

Extras

Top Quizzes Today


Score Distribution

Paid Content

Your Account Isn't Verified!

In order to create a playlist on Sporcle, you need to verify the email address you used during registration. Go to your Sporcle Settings to finish the process.

Report this User

Report this user for behavior that violates our Community Guidelines.

Details: